000 00571cam a22002053a 4500
001 45127
003 PGUSA
005 20140828084031.0
008 140313s2014||||xxu|||||s|||||000 | eng d
040 _aPGUSA
_beng
042 _adc
100 1 _aSalmela, Marja,
_d1875-1924
245 1 0 _aKappale kahden matkaa
_h[electronic resource] /
_cMarja Salmela
260 _bProject Gutenberg,
_c2014
506 _aPublic domain in the USA.
516 _aElectronic text
830 0 _aProject Gutenberg
_v45127
856 4 0 _uhttp://www.gutenberg.org/ebooks/45127
942 _cEB
999 _c274378
_d274378